Az online kereskedelem fejlődése és jövője Két webshop összehasonlító elemzése (Alza.hu és Minamal.hu)

Bibliographic Details
Main Author: Lendvai Máté
Other Authors: Békési Gábor György
Format: Project work
Kulcsszavak:21. század
csomagküldő kereskedelem
e-kereskedelem
SWOT-elemzés
weboldal
Online Access:http://dolgozattar.uni-bge.hu/59913

MARC

LEADER 00000nnm a2200000 i 4500
001 dolg59913
005 20260409145734.0
008 260409suuuu hu o 000 hun d
040 |a BGE Dolgozattár Repozitórium  |b hun 
041 |a hu 
100 1 |a Lendvai Máté 
245 1 3 |a Az online kereskedelem fejlődése és jövője  |b Két webshop összehasonlító elemzése (Alza.hu és Minamal.hu)  |c Lendvai Máté  |h [elektronikus dokumentum] 
516 |a Project_work 
520 3 |a A projektmunka célja a hazai e-kereskedelem fejlődésének és jövőbeli lehetőségeinek feltárása két eltérő webshop – az Alza.hu és a Minamal.hu – összehasonlító elemzésén keresztül. A dolgozat bemutatja az online vásárlás történeti hátterét, a legfontosabb trendeket (pl. mobilkereskedelem, mesterséges intelligencia, omnichannel stratégia), valamint részletesen elemzi a két webshop technológiai megoldásait, marketingkommunikációját, ügyfélélményét és fizetési rendszerét. A kutatás rámutat arra, hogy bár az Alza.hu technológiailag fejlett, széles termékkínálattal rendelkező nagyvállalat, addig a Minamal.hu vizuálisan igényes, tudatos fogyasztókra építő prémium márka. A vizsgálat alapján mindkét modell sikeres lehet a digitális térben, ha megfelelően igazodik célcsoportjához. A projektmunka gyakorlati példákon keresztül világít rá arra, hogy az e-kereskedelemben nem kizárólag a méret, hanem a jól megválasztott stratégia, technológiai tudatosság és ügyfélközpontúság is meghatározza a sikerességet. 
695 |a 21. század 
695 |a csomagküldő kereskedelem 
695 |a e-kereskedelem 
695 |a SWOT-elemzés 
695 |a weboldal 
700 1 |a Békési Gábor György  |e ths 
856 4 0 |u http://dolgozattar.uni-bge.hu/59913/1/Projektmunka%20-%20Lendvai%20M%C3%A1t%C3%A9.pdf  |z Dokumentum-elérés 
856 4 0 |u http://dolgozattar.uni-bge.hu/59913/2/Biralat_Lendvai%20M%C3%A1t%C3%A9.pdf  |z Dokumentum-elérés